000
00322nam a2200157Ia 4500
100
_a
Campione/ Mary
250
_a
5
942
_c
BK
654
_a
Computer
245
_a
Java Tutorial
260
_b
ADDISON WESLEY
_a
New Delhi
_c
1998
082
_a
005.13 (J)
_b
CAM
300
_a
964
546
_a
ENGLISH
999
_c
32291
_d
32291